| 000 | 00815cam a2200229 i 4500 | ||
|---|---|---|---|
| 001 | bg | ||
| 003 | KOSZ 005 | ||
| 005 | 20200124075302.0 | ||
| 008 | 950814s1993 pl f |000 0 pol d | ||
| 040 |
_cKOSZ 005/HR _aKOSZ 005/HR _dKOSZ 005/HR |
||
| 080 | _a343(438) | ||
| 080 | _a(094.4) | ||
| 245 | 0 | 0 |
_aKodeks karny / _coprac. Barbara Stachurska-Marcińczak. |
| 250 | _aWyd. 8 uzup. i uaktual. Stan prawny na dzień 15 II 1993 r. | ||
| 260 |
_aWarszawa : _bWydaw. Prawnicze, _c1993. |
||
| 300 |
_a76, [1] s. ; _c21 cm. |
||
| 650 | 4 |
_aPrawo karne _zPolska. |
|
| 700 | 1 |
_aStachurska-Marcińczak, Barbara. _eOprac. |
|
| 710 | 2 |
_aWydawnictwo Prawnicze _4pbl. |
|
| 856 |
_uhttp://koha.tu.koszalin.pl/cgi-bin/koha/opac-detail.pl?biblionumber=29872 _yKatalog online BPK |
||
| 942 |
_cKS _2UKD |
||
| 999 |
_c29872 _d29872 |
||